Most deadly volcanic eruptions - Statistics

General Stats
  • This quiz has been taken 22 times
    21 since last reset
  • The average score is 6 of 21
Answer Stats
Location Eruption Death Toll % Correct
Indonesia Krakatoa 36,000
85%
Italy Mount Vesuvius 18,000
80%
Italy Mount Vesuvius 3,360
80%
Indonesia Mount Tambora 102,000
45%
Martinique Mount Pelee 33,000
40%
Greece Santorini -
30%
Iceland Laki Possibly 6 million
25%
Mexico El Chichon 3,500
20%
Indonesia Lake Toba (theorized) 3,000 left alive
20%
Papau New Guinea Mount Lamington 2,942
20%
Japan Mount Unzen 15,000
20%
Colombia Nevado del Ruiz 23,000
20%
Guatemala Santa Maria 6,000
20%
Indonesia Mount Merapi 1,369
15%
St. Vincent Soufriere 1,680
15%
Peru Huaynaputina Possibly 2 million
10%
Canada Tseax Cone 2,000
10%
Indonesia Kelut 5,115
5%
Indonesia Mount Agung 1,584
5%
Indonesia Mount Galunggung 4,000
5%
Indonesia Mount Kelut 10,000
5%
No matching quizzes found
Score Distribution
Percent of People with Each Score
Percentile by Number Answered
Your Score History
You have not taken this quiz since the last reset